Normal view
MARC view
- B.S. Neale.
Entry Personal Name
001 - CONTROL NUMBER
- control field: 25826
003 - CONTROL NUMBER IDENTIFIER
- control field: NUST
005 - DATE AND TIME OF LATEST TRANSACTION
- control field: 20191119110320.0
008 - FIXED-LENGTH DATA ELEMENTS
- fixed length control field: 191119|| aca||aabn | a|a d
040 ## - CATALOGING SOURCE
- Original cataloging agency: NUST
- Transcribing agency: NUST
100 ## - HEADING--PERSONAL NAME
- Personal name: B.S. Neale.
670 ## - SOURCE DATA FOUND
- Source citation: Work cat.: (NUST)0: B.S. Neale., Forensic engineering :, c2001.
